000 00303nam a22001337a 4500
008 171104b xxu||||| |||| 00| 0 eng d
020 _a9780030975790
041 _aeng
080 _a330.722.6
100 _a61
101 _aKON
245 _aENTREPRENEURIAL STRATEGY
_cKURATKO, D.F
942 _2udc
_cBK
999 _c37630
_d37630